Biggest Cities in Indiana on a Map - Statistics

General Stats
  • This quiz has been taken 353 times
  • The average score is 8 of 10
Answers on the Map
Answers color-coded by a green-red scale on the quiz's map according to % correct below.
 
Answer Stats
Population City % Correct
876,384 Indianapolis
100%
270,402 Fort Wayne
89%
74,879 Gary
89%
102,026 South Bend
85%
117,979 Evansville
83%
85,755 Bloomington
71%
101,068 Carmel
66%
71,721 Lafayette
65%
75,522 Hammond
60%
95,310 Fishers
58%
No matching quizzes found
Score Distribution
Percent of People with Each Score
Percentile by Number Answered
Your Score History
You have not taken this quiz